[Event "8th Dubai Open"]
[Site "Dubai UAE"]
[Date "2006.04.23"]
[Round "1"]
[White "Grishina,A"]
[Black "Habu,Y"]
[Result "0-1"]
[WhiteElo "2052"]
[BlackElo "2382"]
[EventDate "2006.04.23"]

1. d4 d5 2. c4 e6 3. Nf3 Nf6 4. g3 dxc4 5. Bg2 Nc6 6. O-O Rb8 7. Nc3 b5 8.
Bg5 Be7 9. Re1 O-O 10. e4 Nb4 11. Ne5 Nd7 12. Bxe7 Qxe7 13. Nxd7 Qxd7 14.
e5 Nd3 15. Re4 b4 16. Na4 Bb7 17. Rh4 Bxg2 18. Kxg2 f6 19. Nc5 Qd5+ 20. Kg1
Nxc5 21. dxc5 Qxd1+ 22. Rxd1 c3 23. bxc3 bxc3 24. Rc4 fxe5 25. Rxc3 Rb2 26.
f3 Rxa2 27. Rb3 Rc2 28. Rb7 Rxc5 29. Rxa7 Rxf3 30. Kg2 e4 31. Ra8+ Rf8 32.
Ra6 Rc2+ 33. Kh3 Rf6 34. Ra4 e3 0-1

[Event "8th Dubai Open"]
[Site "Dubai UAE"]
[Date "2006.04.24"]
[Round "2"]
[White "Somoff,A"]
[Black "Babaev,Ra"]
[Result "1-0"]
[WhiteElo "2256"]
[BlackElo "2481"]
[EventDate "2006.04.23"]

1. d4 Nf6 2. c4 e6 3. Nf3 c5 4. d5 exd5 5. cxd5 d6 6. Nc3 g6 7. e4 a6 8. a4
Bg4 9. Be2 Bxf3 10. gxf3 Nbd7 11. O-O Bg7 12. Be3 O-O 13. Qd2 Nh5 14. Bg5
f6 15. Bh4 g5 16. Bg3 Nxg3 17. hxg3 f5 18. exf5 Rxf5 19. Kg2 Ne5 20. Ne4
Qe7 21. Ra3 Raf8 22. Re1 h5 23. Re3 h4 24. a5 R8f7 25. b3 Qf8 26. Qd1 Bh6
27. g4 Rf4 28. Nxc5 Nxg4 29. Ne6 Qe7 30. fxg4 Rxf2+ 31. Kg1 Qf6 32. Rf1 Bg7
33. Rf3 Qe5 34. R1xf2 1-0

[Event "8th Dubai Open"]
[Site "Dubai UAE"]
[Date "2006.04.24"]
[Round "2"]
[White "Prathamesh,S"]
[Black "Izoria,Z"]
[Result "0-1"]
[WhiteElo "2366"]
[BlackElo "2647"]
[EventDate "2006.04.23"]

1. e4 c5 2. Nf3 d6 3. d4 cxd4 4. Nxd4 Nf6 5. Nc3 Bd7 6. Be2 e6 7. O-O Be7
8. f4 Nc6 9. Be3 O-O 10. Qe1 Nxd4 11. Bxd4 Bc6 12. Qg3 g6 13. Bd3 Nh5 14.
Qf2 Nxf4 15. Qxf4 e5 16. Qf2 exd4 17. Qxd4 Qa5 18. Kh1 Qe5 19. Qf2 Kg7 20.
Bc4 f5 21. exf5 Rxf5 22. Qe2 Raf8 23. Qxe5+ dxe5 24. Rxf5 gxf5 25. Bd5 Bb4
26. Bxc6 bxc6 27. Rd1 Bxc3 28. bxc3 Rb8 29. Rd7+ Kg6 30. h4 Rb2 31. Rd6+
Kh5 32. Rxc6 Kxh4 33. Rh6+ Kg4 34. a4 e4 35. Kh2 Rxc2 36. Rxh7 f4 37. Re7
e3 38. Rg7+ Kf5 39. Rxa7 f3 40. Rf7+ Ke4 41. Rxf3 e2 42. Rf8 Rc1 43. Re8+
Kd3 44. Kg3 e1=Q+ 45. Rxe1 Rxe1 46. Kf4 Rf1+ 47. Kg5 0-1

[Event "8th Dubai Open"]
[Site "Dubai UAE"]
[Date "2006.04.24"]
[Round "2"]
[White "Sadvakasov,D"]
[Black "Sharbaf,M"]
[Result "1-0"]
[WhiteElo "2619"]
[BlackElo "2362"]
[EventDate "2006.04.23"]

1. e4 c5 2. Nf3 Nc6 3. d4 cxd4 4. Nxd4 Nf6 5. Nc3 e5 6. Ndb5 d6 7. Nd5 Nxd5
8. exd5 Nb8 9. c4 Be7 10. Be2 O-O 11. O-O a6 12. Nc3 f5 13. Kh1 Nd7 14. f4
Bf6 15. Be3 b6 16. Rc1 Bb7 17. b4 Rc8 18. Na4 exf4 19. Bxf4 Be5 20. Bxe5
Nxe5 21. Qd4 Nd7 22. Bd3 Qg5 23. Rce1 b5 24. cxb5 axb5 25. Nc3 Rxc3 26.
Qxc3 Bxd5 27. Rf2 Nf6 28. Qd2 Qh4 29. Bxf5 g6 30. Bd3 Rf7 31. Rc1 Ng4 32.
Rc8+ Kg7 33. Rxf7+ Bxf7 34. h3 Nf2+ 35. Kh2 Nxd3 36. Qxd3 Qxb4 37. a3 Qf4+
38. Qg3 Qf5 39. Rd8 d5 40. Qd6 h5 41. Rb8 g5 42. Rxb5 g4 43. h4 Qf2 44.
Qe5+ Kh7 45. Qg3 Qf6 46. a4 d4 47. a5 Qe7 48. a6 Kg8 1-0

[Event "8th Dubai Open"]
[Site "Dubai UAE"]
[Date "2006.04.24"]
[Round "2"]
[White "Othman,A"]
[Black "Sargissian,G"]
[Result "0-1"]
[WhiteElo "2360"]
[BlackElo "2612"]
[EventDate "2006.04.23"]

1. d4 Nf6 2. c4 e6 3. Nc3 Bb4 4. e3 O-O 5. Bd3 d5 6. Nge2 c5 7. O-O cxd4 8.
exd4 dxc4 9. Bxc4 Nbd7 10. Bb3 Nb6 11. Bg5 Be7 12. Qd3 Bd7 13. Rad1 Bc6 14.
Rfe1 Re8 15. Qh3 Nfd5 16. Bc1 Rc8 17. Rd3 g6 18. Rg3 Bd7 19. Ne4 e5 20. Qh5
Bf6 21. Qf3 Be6 22. Nxf6+ Qxf6 23. Bxd5 Nxd5 24. Qxf6 Nxf6 25. dxe5 Bxa2
26. Nc3 Bc4 27. Bg5 Nd7 28. Rge3 Kg7 29. f4 h6 30. Bh4 Be6 31. Nb5 Rc2 32.
Nd6 Rb8 33. R3e2 Rxe2 34. Rxe2 a5 35. Rc2 b5 36. Rc7 a4 37. Ra7 Kg8 38. Bf2
f6 39. Ne4 fxe5 40. Rxd7 Bxd7 41. Nf6+ Kh8 42. Nxd7 Rd8 43. Nxe5 Rd1+ 44.
Be1 Rxe1+ 45. Kf2 Rxe5 0-1

[Event "8th Dubai Open"]
[Site "Dubai UAE"]
[Date "2006.04.24"]
[Round "2"]
[White "Toufighi,H"]
[Black "Ghaem Maghami,E"]
[Result "0-1"]
[WhiteElo "2347"]
[BlackElo "2584"]
[EventDate "2006.04.23"]

1. e4 c5 2. Nf3 d6 3. Bb5+ Nd7 4. O-O Ngf6 5. Re1 a6 6. Bxd7+ Bxd7 7. e5
dxe5 8. Nxe5 Rc8 9. Qf3 Bc6 10. Nxc6 Rxc6 11. d3 e6 12. Nc3 Be7 13. Qg3 O-O
14. Ne4 Qd5 15. Nc3 Qf5 16. Qg5 Qxg5 17. Bxg5 h6 18. Bxf6 Bxf6 19. Ne4 Bxb2
20. Rab1 Be5 21. Rxb7 c4 22. dxc4 Rxc4 23. Ra7 Rb8 24. g4 Rxc2 25. Rxa6
Rbb2 26. Rf1 Bd4 27. Ra4 Bb6 28. Ra8+ Kh7 29. Rf8 Re2 30. Nc3 Bxf2+ 31. Kh1
Rec2 32. Nd1 Rxa2 0-1

[Event "8th Dubai Open"]
[Site "Dubai UAE"]
[Date "2006.04.24"]
[Round "2"]
[White "Fedorchuk,S"]
[Black "Jasim,A"]
[Result "1-0"]
[WhiteElo "2576"]
[BlackElo "2324"]
[EventDate "2006.04.23"]

1. e4 e6 2. d4 d5 3. Nd2 dxe4 4. Nxe4 Nd7 5. Nf3 Ngf6 6. Nxf6+ Nxf6 7. c3
c5 8. Ne5 a6 9. Bg5 Qd5 10. Be3 cxd4 11. Qxd4 Qxd4 12. Bxd4 Nd7 13. Nc4 f6
14. g3 b5 15. Bg2 Rb8 16. Na5 Bc5 17. O-O-O O-O 18. f4 Rb6 19. Rhe1 b4 20.
Nc4 Rb5 21. Bc6 1-0

[Event "8th Dubai Open"]
[Site "Dubai UAE"]
[Date "2006.04.24"]
[Round "2"]
[White "Kotsur,P"]
[Black "Pourkashiyan,A"]
[Result "1-0"]
[WhiteElo "2570"]
[BlackElo "2311"]
[EventDate "2006.04.23"]

1. e4 e5 2. Bc4 Nf6 3. d3 Nc6 4. Nf3 Bc5 5. c3 d6 6. Bb3 a6 7. Nbd2 Ba7 8.
h3 h6 9. Nf1 O-O 10. Ng3 Be6 11. Nh2 d5 12. Qf3 dxe4 13. dxe4 Nh7 14. Ng4
Ng5 15. Qe2 Na5 16. Bxe6 fxe6 17. O-O Qe7 18. b4 Nc6 19. a4 Nf7 20. Be3
Bxe3 21. Qxe3 a5 22. b5 Nb8 23. Rad1 Nd7 24. Nh5 Rad8 25. Qg3 Ng5 26. Nxe5
Nxe4 27. Qe3 Nxe5 28. Qxe4 Rxd1 29. Rxd1 Qc5 30. Nf4 Qxc3 31. Nxe6 Re8 32.
Nf4 Qc4 33. Qxc4+ Nxc4 34. Rd7 Re4 35. Nh5 Nd6 36. b6 cxb6 37. Rxd6 Rxa4
38. Rxb6 Rb4 39. Rxb4 axb4 40. Nf4 Kf7 41. Kf1 b3 42. Nd3 Kf6 43. Ke2 Kf5
44. Kd2 g5 45. Kc3 h5 46. Kxb3 g4 47. h4 Ke4 48. Nc5+ Kf4 49. Kc3 b6 50.
Ne6+ Kf5 51. Ng7+ Kg6 52. Ne8 Kf5 53. Kd4 g3 54. f3 1-0

[Event "8th Dubai Open"]
[Site "Dubai UAE"]
[Date "2006.04.24"]
[Round "2"]
[White "Sai,Sr"]
[Black "Gagunashvili,M"]
[Result "0-1"]
[WhiteElo "2309"]
[BlackElo "2560"]
[EventDate "2006.04.23"]

1. e4 d6 2. d4 Nf6 3. Nc3 g6 4. g3 Bg7 5. Bg2 O-O 6. Nge2 e5 7. h3 c6 8. a4
a5 9. Be3 Na6 10. O-O Nb4 11. Qd2 Be6 12. Rad1 Bc4 13. Rfe1 Qc7 14. f4 Rad8
15. Qc1 Rfe8 16. Kh2 Ba6 17. g4 c5 18. dxe5 dxe5 19. f5 Nd7 20. Ng3 Nb6 21.
Nb5 Qc6 22. b3 Bxb5 23. axb5 Qxb5 24. Bf1 c4 25. c3 Na6 26. Qa1 a4 27. bxa4
Nxa4 28. Rxd8 Rxd8 29. Qa2 Rc8 30. Rb1 Qc6 31. Qc2 b5 32. g5 Bf8 33. h4 b4
34. cxb4 Nxb4 35. Qf2 c3 36. fxg6 hxg6 37. h5 c2 38. Ra1 Bc5 39. hxg6 Qxg6
40. Nf5 Qh5+ 41. Bh3 Bxe3 42. Qxe3 Rc3 43. Nh6+ Kh7 44. g6+ fxg6 0-1

[Event "8th Dubai Open"]
[Site "Dubai UAE"]
[Date "2006.04.24"]
[Round "2"]
[White "Amanov,M"]
[Black "Krivoshey,S"]
[Result "1-0"]
[WhiteElo "2305"]
[BlackElo "2531"]
[EventDate "2006.04.23"]

1. d4 d5 2. Nf3 Nf6 3. c4 c6 4. cxd5 cxd5 5. Nc3 Nc6 6. Bf4 a6 7. e3 Bg4 8.
Be2 e6 9. O-O Bd6 10. Bxd6 Qxd6 11. Rc1 O-O 12. Na4 Rfe8 13. a3 Bxf3 14.
Bxf3 Re7 15. Qd2 e5 16. Nb6 Rd8 17. dxe5 Rxe5 18. Rfd1 Qe7 19. Na4 h5 20.
Nc5 Ne4 21. Qc2 Ng5 22. Be2 d4 23. Nxb7 Qxb7 24. Qxc6 Qxb2 25. Rc2 Qxa3 26.
exd4 Red5 27. Rc3 Qd6 28. Qxd6 R5xd6 29. Bxh5 Ne6 30. Kf1 Rxd4 31. Rxd4
Nxd4 32. Ra3 Rd5 33. Bd1 a5 34. Rd3 Kf8 35. Bf3 Rd6 36. Ra3 Nxf3 37. Rxf3
Ke7 38. Ke2 Rd5 39. Rb3 Kd6 40. Rb7 Rf5 41. g4 Rf4 42. f3 Kc6 43. Re7 Rf6
44. Kf2 a4 45. h4 Kb5 46. g5 Ra6 47. Rxf7 a3 48. Rb7+ Kc4 49. Rb1 a2 50.
Ra1 g6 51. f4 Kd5 52. Kg3 1-0

[Event "8th Dubai Open"]
[Site "Dubai UAE"]
[Date "2006.04.24"]
[Round "2"]
[White "Sturua,Z"]
[Black "Himdan,M"]
[Result "1-0"]
[WhiteElo "2524"]
[BlackElo "2297"]
[EventDate "2006.04.23"]

1. d4 c5 2. d5 e5 3. e4 d6 4. Nc3 Be7 5. f4 exf4 6. Bxf4 Bg5 7. Bxg5 Qxg5
8. Nf3 Qe7 9. Bb5+ Nd7 10. O-O f6 11. e5 fxe5 12. Nxe5 dxe5 13. d6 Qe6 14.
Qd5 Qxd5 15. Nxd5 Ngf6 16. Nc7+ Kd8 17. Nxa8 a6 18. Be2 e4 19. a4 Ne5 20.
Nb6 Be6 21. Ra3 Ned7 22. Na8 Ne8 23. Rd1 Rf8 24. Re3 Bf5 25. Rb3 Kc8 26. a5
Rf6 27. Nb6+ Nxb6 28. Rxb6 Bd7 29. b4 cxb4 30. Rd4 e3 31. Bf3 Kd8 32. Rxb7
Nxd6 33. Rbxb4 Nb5 34. Rd3 Re6 35. Rxd7+ Kxd7 36. Bg4 Nc3 37. Rb6 1-0

[Event "8th Dubai Open"]
[Site "Dubai UAE"]
[Date "2006.04.24"]
[Round "2"]
[White "Anilkumar,O"]
[Black "Ramesh,R"]
[Result "0-1"]
[WhiteElo "2284"]
[BlackElo "2507"]
[EventDate "2006.04.23"]

1. d4 Nf6 2. Bf4 e6 3. e3 c5 4. c3 Nc6 5. Nd2 d5 6. Bd3 Bd6 7. Bxd6 Qxd6 8.
f4 Bd7 9. Qf3 b5 10. Qg3 O-O 11. Ngf3 b4 12. O-O bxc3 13. bxc3 Rab8 14. Qh4
Ne7 15. g4 Bb5 16. Ne5 Bxd3 17. Nxd3 cxd4 18. exd4 Rfc8 19. Rac1 Ng6 20.
Qg3 Ne4 21. Nxe4 dxe4 22. Nc5 f5 23. Rc2 Rb6 24. h4 Rcb8 25. gxf5 exf5 26.
h5 Nf8 27. Rg2 Qc7 28. Qg5 Qf7 29. Kh1 h6 30. Qh4 Rb1 31. Rxb1 Rxb1+ 32.
Kh2 Rc1 33. Qh3 e3 34. Nd3 Rxc3 35. Ne5 Qf6 36. Qg3 e2 37. Qf2 Rc2 38. Nf3
Qe6 39. Ne1 Rxa2 40. Qf3 Kh7 41. d5 Qe7 42. Qc3 Nd7 43. d6 Qf6 44. Qg3 Nc5
45. Kg1 0-1

[Event "8th Dubai Open"]
[Site "Dubai UAE"]
[Date "2006.04.24"]
[Round "2"]
[White "Odeev,H"]
[Black "Singh,G"]
[Result "1-0"]
[WhiteElo "2492"]
[BlackElo "2273"]
[EventDate "2006.04.23"]

1. e4 e6 2. d4 d5 3. Nc3 Bb4 4. e5 c5 5. a3 Bxc3+ 6. bxc3 Nc6 7. Nf3 Qa5 8.
Bd2 Qa4 9. Bd3 b6 10. Be3 cxd4 11. Nxd4 Nxd4 12. cxd4 Ba6 13. Qg4 g6 14.
Bg5 Rc8 15. O-O Rc7 16. Qh4 h6 17. Rfb1 Bc4 18. h3 Qa6 19. a4 Bxd3 20. cxd3
Qxd3 21. a5 b5 22. a6 Rc6 23. Rb2 Kd7 24. Rab1 Rb6 25. Rc1 Rc6 26. Rcb1 Rb6
27. Bf6 Rh7 28. Rc1 Rc6 29. Rcb1 Rb6 30. Qf4 g5 31. Qc1 Nxf6 32. exf6 Qa3
33. Qc2 Rh8 34. Rxb5 Rxb5 35. Rxb5 Qxa6 36. Qc5 Rc8 37. Qe7+ Kc6 38. Rc5+
1-0

[Event "8th Dubai Open"]
[Site "Dubai UAE"]
[Date "2006.04.24"]
[Round "2"]
[White "Bajarani,I"]
[Black "Prasanna,Ra"]
[Result "1/2-1/2"]
[WhiteElo "2352"]
[BlackElo "2055"]
[EventDate "2006.04.23"]

1. e4 c5 2. Nf3 d6 3. d4 cxd4 4. Nxd4 Nf6 5. Nc3 g6 6. Be3 Bg7 7. h3 O-O 8.
Bc4 b6 9. O-O Bb7 10. f3 d5 11. exd5 Nxd5 12. Bxd5 Bxd5 13. Ndb5 Bc4 14.
Qxd8 Rxd8 15. Nc7 Bxf1 16. Kxf1 Nc6 17. Nxa8 Rxa8 18. Rd1 1/2-1/2

[Event "8th Dubai Open"]
[Site "Dubai UAE"]
[Date "2006.04.24"]
[Round "2"]
[White "El Taher,F"]
[Black "Soozankar,A"]
[Result "1-0"]
[WhiteElo "2468"]
[BlackElo "2246"]
[EventDate "2006.04.23"]

1. e4 c5 2. Nf3 Nc6 3. d4 cxd4 4. Nxd4 Nf6 5. Nc3 g6 6. Nb3 Bg7 7. Be2 O-O
8. O-O d6 9. Re1 Be6 10. Bf1 d5 11. Nc5 d4 12. Nb5 a6 13. Na3 b5 14. Nxe6
fxe6 15. Nb1 e5 16. a4 b4 17. Nd2 Na5 18. Nc4 Nxc4 19. Bxc4+ Kh8 20. a5 Qd6
21. Bd2 Rfc8 22. Qe2 Ra7 23. b3 Ng8 24. Ra4 Rb8 25. Bxg8 Rxg8 26. Rxb4 Rc8
27. Qd3 Bh6 28. Rb6 Qa3 29. Bb4 Qb2 30. Qh3 1-0

[Event "8th Dubai Open"]
[Site "Dubai UAE"]
[Date "2006.04.24"]
[Round "2"]
[White "Adly,A"]
[Black "Abdul,Majee"]
[Result "1-0"]
[WhiteElo "2460"]
[BlackElo "2242"]
[EventDate "2006.04.23"]

1. c4 Nf6 2. g3 g6 3. Bg2 Bg7 4. Nc3 c6 5. d4 d5 6. cxd5 cxd5 7. Nh3 O-O 8.
Nf4 e6 9. f3 Nc6 10. Be3 Nd7 11. O-O Nb6 12. Bf2 Qe7 13. Rc1 Rd8 14. b3 a6
15. Qd2 Bd7 16. Rfd1 Rac8 17. e3 Bh6 18. e4 Qf8 19. Be3 Be8 20. exd5 exd5
21. Ncxd5 Nxd5 22. Nxd5 Bxe3+ 23. Nxe3 Nxd4 24. Rxc8 1-0

[Event "8th Dubai Open"]
[Site "Dubai UAE"]
[Date "2006.04.24"]
[Round "2"]
[White "Macek,V"]
[Black "Sale,S"]
[Result "1/2-1/2"]
[WhiteElo "2243"]
[BlackElo "2453"]
[EventDate "2006.04.23"]

1. d4 g6 2. Nf3 Bg7 3. g3 c5 4. Bg2 cxd4 5. Nxd4 Nc6 6. Nxc6 bxc6 7. c4 Rb8
8. Qc2 Qa5+ 9. Nd2 h5 10. h3 Nh6 11. O-O Nf5 12. Nb3 Qa4 13. Bd2 Ba6 14.
Rfc1 O-O 15. e4 Nd6 16. c5 Nb5 17. Be3 Rb7 18. Qd2 Nc7 19. Rd1 Ne6 20. f4
Rfb8 21. f5 Nf8 22. Bf4 Re8 23. Bh6 Qb4 24. Bxg7 Qxd2 25. Rxd2 Kxg7 26. Nd4
Reb8 27. b3 Bb5 28. Re1 a5 29. e5 a4 30. g4 hxg4 31. hxg4 axb3 32. axb3 Rc7
33. Re3 Nh7 34. e6 d5 35. cxd6 exd6 36. exf7 Rxf7 37. fxg6 Kxg6 38. Be4+
Kg7 39. Nf5+ Kh8 40. Nxd6 Rf4 41. Bf5 Ng5 42. Rf2 Rxf2 43. Kxf2 Ba6 44.
Re8+ Rxe8 45. Nxe8 c5 46. Nc7 Bb7 47. Ne6 Nxe6 48. Bxe6 Kg7 49. Ke3 Kf6 50.
Bf5 Bd5 51. Bc2 Kg5 52. Bd1 1/2-1/2

[Event "8th Dubai Open"]
[Site "Dubai UAE"]
[Date "2006.04.24"]
[Round "2"]
[White "Kayumov,S"]
[Black "Lalith,B"]
[Result "0-1"]
[WhiteElo "2426"]
[BlackElo "2240"]
[EventDate "2006.04.23"]

1. e4 c6 2. d4 d5 3. e5 Bf5 4. Nf3 e6 5. Be2 Ne7 6. O-O c5 7. Be3 Nec6 8.
dxc5 Nd7 9. Bb5 Bg4 10. Nbd2 Bxc5 11. Bxc5 Nxc5 12. Nb3 Nd7 13. Re1 O-O 14.
Bxc6 bxc6 15. h3 Bh5 16. Re3 Qb8 17. Nbd2 Rd8 18. Rb1 c5 19. Rb3 Qc7 20.
Qe1 Rab8 21. Qe3 Bg6 22. Rc1 c4 23. Rxb8 Rxb8 24. Qc3 Rc8 25. h4 Nb6 26.
Qa3 Nd7 27. Qc3 Nb6 28. Qe3 Nd7 29. g4 c3 30. bxc3 Qxc3 31. Qf4 h5 32. gxh5
Bxh5 33. Kh2 Nf8 34. Rg1 Ng6 35. Qg3 Qxc2 36. Rg2 Rc3 37. Qg5 Bxf3 38. Nxf3
Rxf3 39. h5 Rxf2 40. Qd8+ Nf8 41. Rxf2 Qxf2+ 42. Kh1 Qf3+ 43. Kg1 Qxh5 44.
Qb8 Qd1+ 45. Kg2 Qc2+ 46. Kh1 Qxa2 47. Kg1 d4 48. Qd6 Qd2 0-1

[Event "8th Dubai Open"]
[Site "Dubai UAE"]
[Date "2006.04.24"]
[Round "2"]
[White "Ramaswamy,A"]
[Black "Safarli,E"]
[Result "1/2-1/2"]
[WhiteElo "2239"]
[BlackElo "2417"]
[EventDate "2006.04.23"]

1. e4 c5 2. Nf3 d6 3. d4 cxd4 4. Nxd4 Nf6 5. Nc3 a6 6. a4 g6 7. Be2 Bg7 8.
O-O O-O 9. Be3 Nc6 10. Qd2 Bd7 11. Rfd1 Rc8 12. f3 Re8 13. Kh1 Qc7 14. Nb3
Na5 15. Nxa5 Qxa5 16. Bd4 e5 17. Be3 Qb4 18. Qc1 Bc6 19. Ra3 Qa5 20. b4 Qc7
21. b5 axb5 22. axb5 Bd7 23. b6 Qd8 24. Nb5 d5 25. exd5 Bf5 26. c4 e4 27.
Nc7 Rxc7 28. bxc7 Qxc7 29. c5 exf3 30. Bxf3 Ne4 31. c6 Qe7 32. cxb7 Qxb7
33. Qc6 Qb8 34. d6 Nf6 35. d7 Nxd7 36. Rxd7 Bxd7 37. Qxd7 Rd8 38. Qxd8+
Qxd8 39. Ra8 Qxa8 40. Bxa8 Be5 41. Bh6 Bd4 42. Bd5 Bg7 43. Bxg7 Kxg7 44.
Kg1 f5 45. Kf2 Kf6 46. Bc6 Ke5 47. Ke3 g5 48. Be8 Kd5 49. Bf7+ Ke5 50. Bh5
Kd5 51. h3 Ke5 52. Bf3 h6 53. Be2 Kd5 54. Bd1 Ke5 55. Bf3 Ke6 56. Kd4 Kd6
57. Bh5 Ke7 58. Bg6 Kf6 59. Be8 Ke7 60. Ke5 Kxe8 61. Kxf5 Kf7 62. g3 Kg7
63. Ke6 Kg6 64. Ke5 Kg7 65. Ke6 1/2-1/2

[Event "8th Dubai Open"]
[Site "Dubai UAE"]
[Date "2006.04.24"]
[Round "2"]
[White "Simonenko,S"]
[Black "Nadig,K"]
[Result "1-0"]
[WhiteElo "2409"]
[BlackElo "2239"]
[EventDate "2006.04.23"]

1. d4 Nf6 2. Nf3 e6 3. e3 c5 4. Nbd2 Nc6 5. c3 b6 6. Bd3 Be7 7. O-O O-O 8.
Re1 Bb7 9. e4 d6 10. a3 a5 11. Qe2 cxd4 12. cxd4 e5 13. d5 Nb8 14. b3 Na6
15. Rb1 Nc5 16. Bb5 Nfd7 17. b4 axb4 18. axb4 Na6 19. Nc4 Nab8 20. Be3 f5
21. exf5 Rxf5 22. Qd3 g6 23. Rbd1 Kg7 24. Nfd2 Ba6 25. Ra1 Qc7 26. Bxa6
Nxa6 27. Rab1 Rb8 28. Rec1 Qd8 29. Nxd6 Bxd6 30. Qxa6 e4 31. h3 Nf6 32.
Qa7+ Kg8 33. Rc4 b5 34. Rc6 Rxd5 35. Bh6 Be7 36. Qa2 Kh8 37. Qb2 Rd4 38.
Re1 Qd7 39. Nxe4 Rxb4 40. Nxf6 Qxc6 41. Rxe7 1-0

[Event "8th Dubai Open"]
[Site "Dubai UAE"]
[Date "2006.04.24"]
[Round "2"]
[White "Sethuraman,S"]
[Black "Sareen,V"]
[Result "1-0"]
[WhiteElo "2231"]
[BlackElo "2386"]
[EventDate "2006.04.23"]

1. e4 c5 2. Nf3 d6 3. d4 cxd4 4. Nxd4 Nf6 5. Nc3 a6 6. Be3 e5 7. Nb3 Be6 8.
f4 Ng4 9. Bd2 exf4 10. Bxf4 Nc6 11. Qd2 Be7 12. O-O-O Nge5 13. Nd5 Bxd5 14.
exd5 Nb8 15. g4 Nbd7 16. g5 Qb6 17. h4 O-O 18. Kb1 Rfc8 19. h5 a5 20. a4
Nc4 21. Bxc4 Rxc4 22. Rde1 Bf8 23. g6 Nf6 24. gxf7+ Kxf7 25. Bg5 Rac8 26.
Bxf6 gxf6 27. Qe2 Kg7 28. Reg1+ Kh8 29. Qe6 1-0

[Event "8th Dubai Open"]
[Site "Dubai UAE"]
[Date "2006.04.24"]
[Round "2"]
[White "Habu,Y"]
[Black "Vaidya,C"]
[Result "1-0"]
[WhiteElo "2382"]
[BlackElo "2229"]
[EventDate "2006.04.23"]

1. e4 e6 2. d4 d5 3. Nc3 Bb4 4. e5 c5 5. a3 Bxc3+ 6. bxc3 Ne7 7. Qg4 Qc7 8.
Qxg7 Rg8 9. Qxh7 cxd4 10. Ne2 Nbc6 11. f4 Bd7 12. Qd3 dxc3 13. Rb1 O-O-O
14. Nxc3 Na5 15. h4 Nf5 16. Rh3 Nc4 17. Rb4 a5 18. Rb1 Qc5 19. h5 Bc6 20.
h6 Rg6 21. h7 Rh8 22. Ne2 Rg7 23. c3 Rgxh7 24. Rxh7 Rxh7 25. Nd4 Rh1 26.
Nxf5 exf5 27. Qxf5+ Bd7 28. Qd3 Bb5 29. Qd4 Qxd4 30. cxd4 Rxf1+ 31. Kxf1
Nd2+ 32. Kf2 Nxb1 33. f5 Kd7 34. g4 Bd3 35. Ke3 Be4 36. Kf4 Ke7 37. Kg5 b5
38. Kh6 Kf8 39. Kh7 b4 40. axb4 axb4 41. Bh6+ Ke8 42. Kg7 Bf3 43. e6 f6 44.
g5 1-0

[Event "8th Dubai Open"]
[Site "Dubai UAE"]
[Date "2006.04.24"]
[Round "2"]
[White "Bajarani,U"]
[Black "El Arousy,A"]
[Result "1/2-1/2"]
[WhiteElo "2084"]
[BlackElo "2369"]
[EventDate "2006.04.23"]

1. e4 c6 2. d4 Na6 3. c3 Nc7 4. Bd3 d6 5. Ne2 e5 6. O-O Nf6 7. Nd2 Be7 8.
h3 O-O 9. Nf3 d5 10. dxe5 Nxe4 11. Bxe4 dxe4 12. Qxd8 Bxd8 13. Nd2 Re8 14.
Nxe4 Rxe5 15. N4g3 Re8 16. Nd4 g6 17. Nf3 Be6 18. Re1 Bd5 19. Rxe8+ Nxe8
20. Nd4 Bf6 21. Be3 Nd6 22. b3 Ne4 23. Nxe4 Bxe4 24. f3 Bd5 25. Rd1 Rd8 26.
Ne2 b6 27. c4 Be6 28. Rxd8+ Bxd8 29. g4 a6 1/2-1/2

[Event "8th Dubai Open"]
[Site "Dubai UAE"]
[Date "2006.04.24"]
[Round "2"]
[White "Anastasian,A"]
[Black "Saud,M"]
[Result "1-0"]
[WhiteElo "2553"]
[BlackElo "2154"]
[EventDate "2006.04.23"]

1. d4 Nf6 2. c4 c5 3. d5 b5 4. cxb5 a6 5. bxa6 d6 6. Nc3 g6 7. e4 Bxa6 8.
Bxa6 Nxa6 9. Nf3 Bg7 10. O-O O-O 11. Re1 Nd7 12. Bf4 Qb6 13. Rb1 Nc7 14. e5
dxe5 15. Nxe5 Nxe5 16. Bxe5 Bxe5 17. Rxe5 Qd6 18. Qe2 e6 19. dxe6 Nxe6 20.
Re1 Nf4 21. Qe3 Qd4 22. Rxc5 Rfe8 23. Re5 Rxe5 24. Qxe5 Qd2 25. Nb1 1-0

[Event "8th Dubai Open"]
[Site "Dubai UAE"]
[Date "2006.04.24"]
[Round "2"]
[White "Taleb,M"]
[Black "Ghader Pour,S"]
[Result "1-0"]
[WhiteElo "2452"]
[BlackElo "2144"]
[EventDate "2006.04.23"]

1. d4 c5 2. d5 Nf6 3. c4 b5 4. Nf3 d6 5. cxb5 a6 6. b6 g6 7. Nc3 Bg7 8. Nd2
Nbd7 9. e4 O-O 10. Be2 Nxb6 11. a4 Rb8 12. O-O Qc7 13. a5 Nbd7 14. Nc4 Bb7
15. Kh1 Rfe8 16. Bf4 Bc8 17. Qc2 Rb4 18. Na4 Rf8 19. Bd2 Rb8 20. Bc3 Re8
21. f4 e6 22. e5 Nxd5 23. Nxd6 Rd8 24. Bd2 Bf8 25. Nxc8 Qxc8 26. Qc4 Nb4
27. Rfd1 Be7 28. Bxb4 Rxb4 29. Qxa6 Qxa6 30. Bxa6 Nb8 31. Rxd8+ Bxd8 32.
Bf1 Bxa5 33. Nxc5 Rxf4 34. Nd3 Rf5 35. g4 Rf3 36. Kg2 Re3 37. Rxa5 Kg7 38.
Ra4 f5 39. Kf2 Re4 40. Rxe4 fxe4 41. Nc5 Nc6 42. Nxe6+ 1-0

[Event "8th Dubai Open"]
[Site "Dubai UAE"]
[Date "2006.04.24"]
[Round "2"]
[White "Sarsam,S"]
[Black "Laith,K"]
[Result "1-0"]
[WhiteElo "2399"]
[BlackElo "2103"]
[EventDate "2006.04.23"]

1. Nf3 Nf6 2. c4 c6 3. d4 d5 4. e3 a6 5. Nc3 b5 6. b3 Bg4 7. Be2 e6 8. Bb2
Bd6 9. O-O Nbd7 10. Ne5 Bxe2 11. Nxe2 bxc4 12. bxc4 dxc4 13. Qc2 O-O 14.
Nxc4 Bxh2+ 15. Kxh2 Ng4+ 16. Kg3 Nh6 17. Kh3 Qg5 18. g3 Nf6 19. Ne5 Nfg4
20. Nf4 Nxe5 21. dxe5 Qg4+ 22. Kg2 Nf5 23. Rh1 Qxg3+ 24. fxg3 Nxe3+ 25. Kf3
Nxc2 26. Rhc1 Nb4 27. Bd4 Rfd8 28. Rc4 Nd5 29. Rb1 Ne7 30. Bc5 Ng6 31. Nxg6
hxg6 32. Bd6 c5 33. Rxc5 f6 34. Ke4 fxe5 35. Kxe5 Rdc8 36. Rbc1 Rxc5+ 37.
Rxc5 a5 38. a4 Kh7 39. Kxe6 Re8+ 40. Be7 Ra8 41. Kf7 Ra6 42. Rc1 1-0

[Event "8th Dubai Open"]
[Site "Dubai UAE"]
[Date "2006.04.25"]
[Round "3"]
[White "Macek,V"]
[Black "Taleb,M"]
[Result "0-1"]
[WhiteElo "2243"]
[BlackElo "2452"]
[EventDate "2006.04.23"]

1. d4 Nf6 2. c4 e6 3. Nc3 Bb4 4. Qc2 O-O 5. a3 Bxc3+ 6. Qxc3 b6 7. Bg5 Bb7
8. f3 d5 9. e3 Nbd7 10. cxd5 exd5 11. Bd3 h6 12. Bh4 Re8 13. Bf2 c5 14. Ne2
cxd4 15. exd4 Nh5 16. Qd2 Nf8 17. O-O Ne6 18. Rfe1 Qf6 19. Bb5 Re7 20. Rad1
a6 21. Ba4 b5 22. Bc2 Rc8 23. Nc3 Rce8 24. Kf1 Nhf4 25. Bg3 h5 26. Re5 g5
27. Bxf4 Nxf4 28. g3 Nh3 29. Rf5 Qe6 30. Rxg5+ Nxg5 31. Qxg5+ Kf8 32. Bf5
Qc6 33. Qxh5 Qf6 34. Qg4 Qh6 35. h4 a5 36. Bd3 b4 37. Nb5 Bc8 38. Qg5 Qe6
39. g4 bxa3 40. bxa3 Ba6 41. a4 Bxb5 42. Bxb5 Rc8 43. h5 Rc3 44. Bd3 Rxd3
45. Rxd3 Qe1+ 46. Kg2 Re2+ 47. Kh3 Qh1+ 48. Kg3 Qh2+ 0-1

[Event "8th Dubai Open"]
[Site "Dubai UAE"]
[Date "2006.04.25"]
[Round "3"]
[White "Ramesh,R"]
[Black "Sadvakasov,D"]
[Result "0-1"]
[WhiteElo "2507"]
[BlackElo "2619"]
[EventDate "2006.04.23"]

1. e4 c5 2. Nf3 d6 3. d4 cxd4 4. Nxd4 Nf6 5. Nc3 a6 6. Be3 e5 7. Nf3 Qc7 8.
a4 Be7 9. a5 O-O 10. Be2 Nbd7 11. O-O Nc5 12. Nd2 Be6 13. Bg5 Ncd7 14. Re1
h6 15. Bxf6 Nxf6 16. Nf1 b5 17. Ne3 Rac8 18. Bd3 g6 19. Qd2 Kg7 20. Na2 Qb7
21. Nb4 Rfd8 22. Ned5 Nxd5 23. exd5 Bg5 24. Qd1 Bxd5 25. Bxb5 Qxb5 26. Nxd5
Qxb2 27. c3 Rc5 28. f4 Bxf4 29. Nxf4 exf4 30. Qd4+ Kg8 31. Qf6 Rdc8 32.
Qxf4 Qxc3 33. Rf1 Rf5 34. Qxd6 Rxf1+ 35. Rxf1 Qxa5 36. Qf4 Qc5+ 37. Kh1 Qc4
0-1

[Event "8th Dubai Open"]
[Site "Dubai UAE"]
[Date "2006.04.25"]
[Round "3"]
[White "Sargissian,G"]
[Black "Odeev,H"]
[Result "1-0"]
[WhiteElo "2612"]
[BlackElo "2492"]
[EventDate "2006.04.23"]

1. d4 Nf6 2. c4 e6 3. Nf3 b6 4. g3 Ba6 5. b3 b5 6. Nbd2 c5 7. Bg2 Nc6 8.
Ne5 Rc8 9. Nxc6 dxc6 10. dxc5 Bxc5 11. O-O O-O 12. Qc2 Qb6 13. Bb2 Rfd8 14.
Ne4 Nxe4 15. Bxe4 h6 16. Bh7+ Kh8 17. Bd3 bxc4 18. bxc4 Bd4 19. Rab1 Qa5
20. Rfc1 c5 21. Bc3 Bxc3 22. Qxc3 Qc7 23. Qa3 Rd6 24. Be4 Rcd8 25. Kg2 Rb6
26. Rxb6 Qxb6 27. Rb1 Qd6 28. Bf3 Bxc4 29. Qxa7 e5 30. Rc1 Qe6 31. Qxc5
Bxa2 32. Qa5 Re8 33. Rc6 Qb3 34. Ra6 e4 35. Bg4 Bb1 36. Rb6 Qd1 37. Qb5 1-0